| 000 | 01437nam1a2200325 i 4500 | ||
|---|---|---|---|
| 001 | RU\NLR\bibl\143293 | ||
| 005 | 20241214073937.0 | ||
| 010 | _a5-89272-002-0 | ||
| 010 | _a5-88056-002-3 | ||
| 035 | _a(NLR Aleph) 000140377 | ||
| 090 |
_a803411 _c803411 |
||
| 100 | _a20010326g19979999u y0rusy50 ca | ||
| 101 | 0 | _arus | |
| 102 | _aRU | ||
| 105 | _aa ||||||||| | ||
| 200 | 1 |
_aОрганизация оценки и налогообложения недвижимости _f[Пер. с англ. - А.В. Воронкин] _gПод общ. ред. Джозефа К.Эккерта _g[Науч. ред. рус. пер. - ...Н.В. Калинина (гл. ред.)] |
|
| 210 |
_aМ. _cРос. о-во оценщиков и др. _d1997 |
||
| 215 | _d24 | ||
| 300 | _aЗагл. ориг.: Property appraisal and assessment administration | ||
| 454 | 0 |
_12001#$aProperty appraisal and assessment administration _tProperty appraisal and assessment administration |
|
| 463 | 0 | _1001142247 | |
| 606 | 0 |
_aНедвижимое имущество _xОценка _91294214 _3RU\NLR\auth\66217715 |
|
| 606 | 0 |
_aНедвижимое имущество _xНалоговое обложение _92127757 _3RU\NLR\auth\661284093 |
|
| 686 | _aУ5-571.1-07 | ||
| 686 | _aУ26(0)141.35 | ||
| 801 | 0 |
_aRU _bNLR _c20010326 _gPSBO |
|
| 801 | 1 |
_aRU _bNLR _c20010326 |
|
| 852 |
_aNLR _j97-7/1807 |
||
| 942 | _cBOOK | ||